[Event "Belconnen op"]
[Site "Belconnen"]
[Date "2005.08.26"]
[Round "8"]
[White "Clark, Timothy"]
[Black "Wicks, Mark"]
[Result "0-1"]
[WhiteElo "442"]
[BlackElo "1308"]
[PlyCount "64"]
[EventDate "2005.07.08"]
[EventType "swiss"]
[EventRounds "11"]
[EventCountry "AUS"]
[SourceTitle "EXT 2010"]
[Source "ChessBase"]
[SourceDate "2010.11.25"]
[SourceVersion "1"]
[SourceVersionDate "2010.11.25"]
[SourceQuality "1"]

1. e4 e5 2. Nf3 Nc6 3. Bc4 Be7 4. d4 exd4 5. Nxd4 Ne5 6. Qh5 Nxc4 7. Nc3 Nf6 8. Qe2 Ne5 9. Nf5 0-0 10. Qb5 d6 11. Nd5 Nxd5 12. Qxd5 Bxf5 13. exf5 c6 14. Qb3 b6 15. Qg3 Bh4 16. Qh3 Re8 17. 0-0 Bf6 18. Qh5 g6 19. fxg6 fxg6 20. Qh6 Nf7 21. Qf4 Bg5 22. Qc4 Qd7 23. Bxg5 d5 24. Qf4 Re4 25. Qf6 Rae8 26. Bd2 Re2 27. Bc3 Ne5 28. Rae1 Re6 29. Qf5 Rxe1 30. Rxe1 gxf5 31. Rxe5 Rxe5 32. Bxe5 c5 0-1

[Event "Belconnen op"]
[Site "Belconnen"]
[Date "2005.07.15"]
[Round "2"]
[White "Guo Yuthok, Sherab"]
[Black "Clark, Timothy"]
[Result "1-0"]
[WhiteElo "1692"]
[BlackElo "442"]
[PlyCount "49"]
[EventDate "2005.07.08"]
[EventType "swiss"]
[EventRounds "11"]
[EventCountry "AUS"]
[SourceTitle "EXT 2007"]
[Source "ChessBase"]
[SourceDate "2006.11.23"]
[SourceVersion "1"]
[SourceVersionDate "2006.11.23"]
[SourceQuality "1"]

1. e4 e5 2. Nf3 Nc6 3. d4 d6 4. Bb5 Bd7 5. 0-0 Nxd4 6. Bxd7+ Qxd7 7. Nxd4 exd4 8. Qxd4 c5 9. Qd3 Nf6 10. Nc3 Qc6 11. Re1 c4 12. Qg3 Nh5 13. Qh4 Nf6 14. Bg5 Be7 15. Nd5 Nxd5 16. exd5 Qd7 17. Rxe7+ Kd8 18. Rxf7+ Kc8 19. Rxd7 Kxd7 20. Qg4+ Kc7 21. Qxc4+ Kb8 22. Be7 a6 23. Bxd6+ Ka7 24. Qc5+ b6 25. Qc7# 1-0